000 01534nam1a2200349 i 4500
001 RU\NLR\bibl\1691238
005 20241103105413.0
035 _a(NLR Aleph) 001682353
090 _a1109209
_c1109209
100 _a20101027g20109999u y0rusy50 ca
101 0 _arus
102 _aRU
105 _a||||z |||||
200 1 _aСельское эхо
_eпоэтический сборник, посвященный 65-й годовщине Победы в Великой Отечественной войне
_f[Лит.-творч. об-ние "Сельское эхо"]
_gавт.-сост. Н.Г. Калинина
210 _aМосква
_cУ Никитских ворот
_d2010
215 _d21
463 0 _10011689642
606 _aВеликая Отечественная война
_xв художественной литературе
_z1941 - 1945
_91237620
_3RU\NLR\AUTH\66187768
686 2 _aШ6(2=Р)8-5
686 2 _aШ6(2=Р)8-94
686 2 _aШ6(2=Р)8-999
702 1 _aКалинина
_bН. Г.
_gНина Григорьевна
_4220
711 0 2 _a"Сельское эхо", литературное творческое объединение
_cпос. Ильинское-Хованское, Ивановская обл.
_9403231
_3RU\NLR\AUTH\880368305
801 0 _aRU
_bNLR
_c20101027
_gRCR
801 1 _aRU
_bNLR
_c20101027
852 _aNLR
_j2010-3/34412
942 _cBOOK